<?xml version="1.0" encoding="UTF-8"?>
<record
    xmlns:xsi="http://www.w3.org/2001/XMLSchema-instance"
    xsi:schemaLocation="http://www.loc.gov/MARC21/slim http://www.loc.gov/standards/marcxml/schema/MARC21slim.xsd"
    xmlns="http://www.loc.gov/MARC21/slim">

  <leader>00508nam a22001577a 4500</leader>
  <controlfield tag="003">OSt</controlfield>
  <controlfield tag="005">20151210113126.0</controlfield>
  <controlfield tag="008">151210b        xxu||||| |||| 00| 0 eng d</controlfield>
  <datafield tag="040" ind1=" " ind2=" ">
    <subfield code="c">RUA</subfield>
  </datafield>
  <datafield tag="082" ind1=" " ind2=" ">
    <subfield code="a">ATM PRA 2004 B204 Or.1</subfield>
  </datafield>
  <datafield tag="100" ind1=" " ind2=" ">
    <subfield code="9">4653</subfield>
    <subfield code="a">PRAK, THOY.</subfield>
  </datafield>
  <datafield tag="245" ind1=" " ind2=" ">
    <subfield code="a">people livelihood in steung chinit (&#x179F;&#x17D2;&#x1790;&#x17B6;&#x1793;&#x1797;&#x17B6;&#x1796;&#x179A;&#x179F;&#x17CB;&#x1793;&#x17C5;&#x1793;&#x17C3;&#x1796;&#x179B;&#x179A;&#x178A;&#x17D2;&#x178B;&#x178F;&#x17B6;&#x1798;&#x178A;&#x1784;&#x179F;&#x17D2;&#x1791;&#x17B9;&#x1784;&#x1787;&#x17B8;&#x1793;&#x17B7;&#x178F;)</subfield>
  </datafield>
  <datafield tag="260" ind1=" " ind2=" ">
    <subfield code="a">Phnom  Penh</subfield>
    <subfield code="b">RUA</subfield>
    <subfield code="c">2004</subfield>
  </datafield>
  <datafield tag="300" ind1=" " ind2=" ">
    <subfield code="a">iv, 37p.</subfield>
    <subfield code="b">ill.</subfield>
    <subfield code="c">29cm.</subfield>
  </datafield>
  <datafield tag="942" ind1=" " ind2=" ">
    <subfield code="2">ddc</subfield>
    <subfield code="c">ATM</subfield>
  </datafield>
  <datafield tag="999" ind1=" " ind2=" ">
    <subfield code="c">4335</subfield>
    <subfield code="d">4335</subfield>
  </datafield>
  <datafield tag="952" ind1=" " ind2=" ">
    <subfield code="0">0</subfield>
    <subfield code="1">0</subfield>
    <subfield code="2">ddc</subfield>
    <subfield code="4">0</subfield>
    <subfield code="6">ATM_PRA_2004_000000000000000_B204_OR_1</subfield>
    <subfield code="7">0</subfield>
    <subfield code="9">22077</subfield>
    <subfield code="a">LBB</subfield>
    <subfield code="b">LBB</subfield>
    <subfield code="c">B204</subfield>
    <subfield code="d">2015-12-10</subfield>
    <subfield code="o">ATM PRA 2004 B204 Or.1</subfield>
    <subfield code="p">RUA034113</subfield>
    <subfield code="r">2015-12-10</subfield>
    <subfield code="w">2015-12-10</subfield>
    <subfield code="y">ATM</subfield>
  </datafield>
  <datafield tag="952" ind1=" " ind2=" ">
    <subfield code="0">0</subfield>
    <subfield code="1">0</subfield>
    <subfield code="2">ddc</subfield>
    <subfield code="4">0</subfield>
    <subfield code="6">ATM_PRA_2004_000000000000000_B204_OR_2</subfield>
    <subfield code="7">0</subfield>
    <subfield code="9">22078</subfield>
    <subfield code="a">LBB</subfield>
    <subfield code="b">LBB</subfield>
    <subfield code="c">B204</subfield>
    <subfield code="d">2015-12-10</subfield>
    <subfield code="o">ATM PRA 2004 B204 Or.2</subfield>
    <subfield code="p">RUA034061</subfield>
    <subfield code="r">2015-12-10</subfield>
    <subfield code="w">2015-12-10</subfield>
    <subfield code="y">ATM</subfield>
  </datafield>
  <datafield tag="952" ind1=" " ind2=" ">
    <subfield code="0">0</subfield>
    <subfield code="1">0</subfield>
    <subfield code="2">ddc</subfield>
    <subfield code="4">0</subfield>
    <subfield code="6">ATM_PRA_2004_000000000000000_B204_OR_3</subfield>
    <subfield code="7">0</subfield>
    <subfield code="9">22079</subfield>
    <subfield code="a">LBB</subfield>
    <subfield code="b">LBB</subfield>
    <subfield code="c">B204</subfield>
    <subfield code="d">2015-12-10</subfield>
    <subfield code="o">ATM PRA 2004 B204 Or.3</subfield>
    <subfield code="p">RUA033814</subfield>
    <subfield code="r">2015-12-10</subfield>
    <subfield code="w">2015-12-10</subfield>
    <subfield code="y">ATM</subfield>
  </datafield>
  <datafield tag="952" ind1=" " ind2=" ">
    <subfield code="0">0</subfield>
    <subfield code="1">0</subfield>
    <subfield code="2">ddc</subfield>
    <subfield code="4">0</subfield>
    <subfield code="6">ATM_PRA_2004_000000000000000_B204_OR_4</subfield>
    <subfield code="7">0</subfield>
    <subfield code="9">22080</subfield>
    <subfield code="a">LBB</subfield>
    <subfield code="b">LBB</subfield>
    <subfield code="c">B204</subfield>
    <subfield code="d">2015-12-10</subfield>
    <subfield code="o">ATM PRA 2004 B204 Or.4</subfield>
    <subfield code="p">RUA038993</subfield>
    <subfield code="r">2015-12-10</subfield>
    <subfield code="w">2015-12-10</subfield>
    <subfield code="y">ATM</subfield>
  </datafield>
  <datafield tag="952" ind1=" " ind2=" ">
    <subfield code="0">0</subfield>
    <subfield code="1">0</subfield>
    <subfield code="2">ddc</subfield>
    <subfield code="4">0</subfield>
    <subfield code="6">ATM_PRA_2004_000000000000000_B204_OR_5</subfield>
    <subfield code="7">0</subfield>
    <subfield code="9">22081</subfield>
    <subfield code="a">LBB</subfield>
    <subfield code="b">LBB</subfield>
    <subfield code="c">B204</subfield>
    <subfield code="d">2015-12-10</subfield>
    <subfield code="o">ATM PRA 2004 B204 Or.5</subfield>
    <subfield code="p">RUA039111</subfield>
    <subfield code="r">2015-12-10</subfield>
    <subfield code="w">2015-12-10</subfield>
    <subfield code="y">ATM</subfield>
  </datafield>
  <datafield tag="952" ind1=" " ind2=" ">
    <subfield code="0">0</subfield>
    <subfield code="1">0</subfield>
    <subfield code="2">ddc</subfield>
    <subfield code="4">0</subfield>
    <subfield code="6">ATM_PRA_2004_000000000000000_B204_OR_6</subfield>
    <subfield code="7">0</subfield>
    <subfield code="9">22082</subfield>
    <subfield code="a">LBB</subfield>
    <subfield code="b">LBB</subfield>
    <subfield code="c">B204</subfield>
    <subfield code="d">2015-12-10</subfield>
    <subfield code="o">ATM PRA 2004 B204 Or.6</subfield>
    <subfield code="p">RUA039171</subfield>
    <subfield code="r">2015-12-10</subfield>
    <subfield code="w">2015-12-10</subfield>
    <subfield code="y">ATM</subfield>
  </datafield>
  <datafield tag="952" ind1=" " ind2=" ">
    <subfield code="0">0</subfield>
    <subfield code="1">0</subfield>
    <subfield code="2">ddc</subfield>
    <subfield code="4">0</subfield>
    <subfield code="6">ATM_PRA_2004_000000000000000_B204_OR_7</subfield>
    <subfield code="7">0</subfield>
    <subfield code="9">22083</subfield>
    <subfield code="a">LBB</subfield>
    <subfield code="b">LBB</subfield>
    <subfield code="c">B204</subfield>
    <subfield code="d">2015-12-10</subfield>
    <subfield code="o">ATM PRA 2004 B204 Or.7</subfield>
    <subfield code="p">RUA038931</subfield>
    <subfield code="r">2015-12-10</subfield>
    <subfield code="w">2015-12-10</subfield>
    <subfield code="y">ATM</subfield>
  </datafield>
  <datafield tag="952" ind1=" " ind2=" ">
    <subfield code="0">0</subfield>
    <subfield code="1">0</subfield>
    <subfield code="2">ddc</subfield>
    <subfield code="4">0</subfield>
    <subfield code="6">ATM_PRA_2004_000000000000000_B204_OR_8</subfield>
    <subfield code="7">0</subfield>
    <subfield code="9">22084</subfield>
    <subfield code="a">LBB</subfield>
    <subfield code="b">LBB</subfield>
    <subfield code="c">B204</subfield>
    <subfield code="d">2015-12-10</subfield>
    <subfield code="o">ATM PRA 2004 B204 Or.8</subfield>
    <subfield code="p">RUA038989</subfield>
    <subfield code="r">2015-12-10</subfield>
    <subfield code="w">2015-12-10</subfield>
    <subfield code="y">ATM</subfield>
  </datafield>
  <datafield tag="952" ind1=" " ind2=" ">
    <subfield code="0">0</subfield>
    <subfield code="1">0</subfield>
    <subfield code="2">ddc</subfield>
    <subfield code="4">0</subfield>
    <subfield code="6">ATM_PRA_2004_000000000000000_B204_OR_9</subfield>
    <subfield code="7">0</subfield>
    <subfield code="9">22085</subfield>
    <subfield code="a">LBB</subfield>
    <subfield code="b">LBB</subfield>
    <subfield code="c">B204</subfield>
    <subfield code="d">2015-12-10</subfield>
    <subfield code="o">ATM PRA 2004 B204 Or.9</subfield>
    <subfield code="p">RUA038991</subfield>
    <subfield code="r">2015-12-10</subfield>
    <subfield code="w">2015-12-10</subfield>
    <subfield code="y">ATM</subfield>
  </datafield>
</record>
